Neuere Methoden und Ergebnisse der Ergodentheorie / (Record no. 8148)
[ view plain ]
| 000 -LEADER | |
|---|---|
| fixed length control field | 00881cam a22002771 4500 |
| 001 - CONTROL NUMBER | |
| control field | 8148 |
| 003 - CONTROL NUMBER IDENTIFIER | |
| rucl marc code | BD-RjUL |
| 005 - DATE AND TIME OF LATEST TRANSACTION | |
| control field | 20211208234531.0 |
| 008 - FIXED-LENGTH DATA ELEMENTS--GENERAL INFORMATION | |
| fixed length control field | 140118s1960 gw b 001 0 ger |
| 035 ## - SYSTEM CONTROL NUMBER | |
| System control number | (BD-RjUL)8193 |
| 040 ## - CATALOGING SOURCE | |
| Original cataloging agency | DLC/ICU |
| Transcribing agency | ICU |
| Modifying agency | DLC |
| Language of cataloging | eng |
| 041 ## - LANGUAGE CODE | |
| Language code of text/sound track or separate title | eng |
| 082 ## - DEWEY DECIMAL CLASSIFICATION NUMBER | |
| Edition number | 23 |
| Classification number | 515.39 |
| Author mark and year | JAN 1960 |
| 100 1# - MAIN ENTRY--PERSONAL NAME | |
| Personal name | Jacobs, Konrad, |
| Dates associated with a name | 1928- |
| 9 (RLIN) | 25385 |
| 245 10 - TITLE STATEMENT | |
| Title | Neuere Methoden und Ergebnisse der Ergodentheorie / |
| Statement of responsibility, etc. | Konrad Jacobs |
| 260 ## - PUBLICATION, DISTRIBUTION, ETC. (IMPRINT) | |
| Place of publication, distribution, etc. | Berlin : |
| Name of publisher, distributor, etc. | Springer, |
| Date of publication, distribution, etc. | c1960. |
| 300 ## - PHYSICAL DESCRIPTION | |
| Pagination | vi, 214 p. ; |
| Size | 23 cm. |
| 490 1# - SERIES STATEMENT | |
| Series statement | Ergebnisse der Mathematik und ihrer Grenzgebiete, n.F., |
| Volume/sequential designation | Heft 29 |
| 504 ## - BIBLIOGRAPHY, ETC. NOTE | |
| Bibliography, etc | Includes bibliographical references and index. |
| 650 #0 - SUBJECT ADDED ENTRY--TOPICAL TERM | |
| Topical term or geographic name as entry element | Ergodic theory. |
| 9 (RLIN) | 25386 |
| 830 #0 - SERIES ADDED ENTRY--UNIFORM TITLE | |
| Volume number/sequential designation | Heft 29. |
| Uniform title | Ergebnisse der Mathematik und ihrer Grenzgebiete, n.F. ; |
| 942 ## - ADDED ENTRY ELEMENTS (KOHA) | |
| Source of classification or shelving scheme | Dewey Decimal Classification |
| Koha item type | Books |
| Lost status | Source of classification or shelving scheme | Damaged status | Not for loan | Collection code | Permanent Location | Current Location | Shelving location | Date acquired | Source of acquisition | Cost, normal purchase price | Total Checkouts | Full call number | Date last seen | Copy number | Koha item type |
|---|---|---|---|---|---|---|---|---|---|---|---|---|---|---|---|
| Dewey Decimal Classification | Not For Loan | Non-fiction | Central Library, University of Rajshahi | Central Library, University of Rajshahi | 30/12/1968 | Zeitlinger | 81.20 | 515.39 JAN 1960 | 18/01/2014 | C-1 | Books |